Datum a čas kvízu

24 Celkem bodů Celkový počet nahraných bodů na tomto kvízu bez doplňovacích otázek.
5. Pořadí na kvízu Konečné umístění týmu na tomto kvízu.

Zaznamenané odpovědi

# Otázka Odpověď Body Výsledky
1. Jaroslav Foldyna z ČSSD si na... 0
2. Minulý týden byla v archivu v... 1
3. Jak se jmenuje známá osobnost,... 1
4. Evropské nezávislé konsorcium,... 1
5. Nejlepším hráčem španělské La... 1
6. Z filmu S tebou mě baví svět:... 1
7. Student Plha potká ve filmu Ma... 0
8. "Jeho nejtemnější temnosti, kr... 1
9. Mladší příslušník žadoní ve fi... 0
10. „Hele, Hanko, já ti musim něco... 1